| 000 | 00587nam a22002177a 4500 | ||
|---|---|---|---|
| 003 | UA-OsUOA | ||
| 001 | 90519 | ||
| 007 | ta | ||
| 008 | 20121117b un ||||| |||| 00| 0 ukr d | ||
| 090 |
_a821.162.1 _bЛ38 |
||
| 942 | _cBK | ||
| 040 |
_aUA-OsUOA _bukr _cUA-OsUOA _dUA-OsUOA |
||
| 245 |
_aЛегенда про голод _cупоряд. О. Рот |
||
| 300 | _a236 с. | ||
| 955 | _a3 | ||
| 041 | _aukr | ||
| 080 | _a821.162.1 | ||
| 260 |
_aУжгород _bКарпати _c1969 |
||
| 650 | 7 |
_a82 Література. Літературознавство _2UDC |
|
| 999 |
_c376794 _d376794 |
||